Sports Quiz

Random Sports or NBA Quiz

Houston Rockets All-Time Leaders Quiz Stats

 Plays Quiz Updated Apr 16, 2018

Score 0/50 Timer 06:00
15 Plays Today
Player % Correct
Hakeem Olajuwon
92.4%
Hakeem Olajuwon
92.4%
Hakeem Olajuwon
92.4%
Hakeem Olajuwon
92.4%
Hakeem Olajuwon
92.4%
Yao Ming
84.1%
Yao Ming
84.1%
Yao Ming
84.1%
James Harden
72.4%
James Harden
72.4%
James Harden
71%
Kenny Smith
63.5%
Steve Francis
53.5%
Steve Francis
53.5%
Ralph Sampson
51.1%
Ralph Sampson
51.1%
Trevor Ariza
43.1%
Moses Malone
42.4%
Moses Malone
42.4%
Moses Malone
42.3%
Robert Horry
40.9%
Calvin Murphy
36.8%
Calvin Murphy
36.8%
Calvin Murphy
36.8%
Otis Thorpe
34%
Player % Correct
Clint Capela
34%
Elvin Hayes
33.2%
Elvin Hayes
33.2%
Vernon Maxwell
32.8%
Otis Thorpe
32.6%
Rudy Tomjanovich
29.3%
Rudy Tomjanovich
29.3%
Luis Scola
18.4%
Cuttino Mobley
17.5%
Shane Battier
16%
Mike Newlin
15.5%
Mike Newlin
15.5%
James Harden
15%
Robert Reid
15%
Robert Reid
15%
Robert Reid
15%
Robert Reid
15%
Robert Reid
14.7%
John Lucas
12.3%
Sleepy Floyd
11.1%
Sleepy Floyd
9.5%
Allen Leavell
7.7%
Allen Leavell
7.7%
Kelvin Cato
7.6%
Kevin Kunnert
4.1%

You're not logged in!

Compare scores with friends on all Sporcle quizzes.
OR
Log In

Sporcle TV

Today on Sporcle TV


Watch our educational content, quiz creation guides, and fun videos on Sporcle TV.

Show Comments

Extras

Top Quizzes Today


Score Distribution

Your Account Isn't Verified!

In order to create a playlist on Sporcle, you need to verify the email address you used during registration. Go to your Sporcle Settings to finish the process.

Report this User

Report this user for behavior that violates our Community Guidelines.

Details: